| 000 | 00907nam a2200217 i 4500 | ||
|---|---|---|---|
| 001 | 182861 | ||
| 003 | ES-MaACL | ||
| 005 | 20240125215138.0 | ||
| 008 | 131119s1892 sp afg |||| | spa d | ||
| 080 | _a929 Colón, Cristóbal (067.5) | ||
| 245 | 0 | 0 | _aA Colón, el Círculo de Bellas Artes, 1492-1892. |
| 260 |
_a[Madrid] : _bCírculo de Bellas Artes, _c[1892] |
||
| 300 |
_a73 p., [4] h. de lám. col. y n. : _bil., mús. ; _c38 cm. |
||
| 530 | _aDisponible en formato digital. | ||
| 600 | 1 | 4 |
_aColón, Cristóbal- _vAniversarios y centenarios. _9166344 |
| 700 | 1 |
_aColón, Cristóbal. _939869 |
|
| 710 | 2 |
_aCírculo de Bellas Artes (Madrid) _92817 |
|
| 852 |
_aES-MaACL _jR-1748(7) _z- Encuadernado con otras obras _x Olim: T-651-F |
||
| 856 |
_uhttp://www.bibliotecavirtualdeandalucia.es/catalogo/es/consulta/registro.cmd?id=1038934 _zBiblioteca Virtual de Andalucía |
||
| 999 |
_c182861 _d182861 |
||